|
|
|
|
| LEADER |
01594nam a2200325 a 4500 |
| 001 |
40109 |
| 003 |
BD-DhAAL |
| 008 |
221124t1987 bg b 100 0 eng d |
| 999 |
|
|
|c 45083
|d 45083
|
| 010 |
|
|
|a 87905063
|
| 020 |
|
|
|c Tk100.00 ($10.00 U.S.)
|
| 025 |
|
|
|a B E 4970
|
| 040 |
|
|
|a DLC
|c DLC
|d DLC
|d BD-DhAAL
|
| 043 |
|
|
|a a-bg---
|
| 050 |
0 |
0 |
|a JQ635.A1
|b C66 1987
|
| 082 |
0 |
0 |
|a 354.5492076
|
| 245 |
0 |
0 |
|a Co-ordination in public administration in Bangladesh /
|c edited by A.T.M. Shamsul Huda.
|
| 260 |
|
|
|a Dhaka :
|b Bangladesh Public Administration Training Centre,
|c 1987.
|
| 300 |
|
|
|a xii, 181 pages ;
|c 24 cm.
|
| 500 |
|
|
|a Papers read and discussed at the Seminar on Co-ordination in Public Administration in Bangladesh, held at the BPATC, Savar, Dhaka, 22-23 November 1986, sponsored by the Bangladesh Public Administration Training Centre.
|
| 504 |
|
|
|a Includes bibliographical references.
|
| 541 |
|
|
|a Donated By Akbar Ali Khan
|e 40109
|
| 650 |
|
0 |
|a Public administration
|z Bangladesh
|x Evaluation
|x Congresses.
|9 52539
|
| 700 |
2 |
|
|a Shamsul Huda, A. T. M.
|9 52540
|
| 710 |
2 |
|
|a Bangladesh Public Administration Training Centre.
|9 52541
|
| 711 |
2 |
|
|a Seminar on Co-ordination in Public Administration in Bangladesh
|d (1986 :
|c BPATC, Dhaka)
|9 52542
|
| 740 |
0 |
|
|a Coordination in public administration in Bangladesh.
|
| 852 |
|
|
|a Ayesha Abed Library
|c Akbar Ali Khan Collection
|
| 942 |
|
|
|2 ddc
|c BK
|
| 952 |
|
|
|0 0
|1 0
|2 ddc
|4 0
|6 354_549207600000000_COO
|7 1
|9 72396
|a BRACUL
|b BRACUL
|c AAKC
|d 2022-11-24
|e Donated by Akbar Ali Khan
|g 100.00
|l 0
|o 354.5492076 COO
|p 3010040109
|r 2022-11-24
|t 1
|w 2022-11-24
|y BK
|